00737nam a2200193 i 450000100060000000300090000600500170001500700030003200800410003510000560007624500660013226000390019830000270023760000520026465100700031685200210038699900170040795201190042475573ES-MaACL20240229062722.0t|040927s1908 fr ||||1| fre d1 aGeoffroy de Grandmaison, Charles Alexandre.912728612aL'Espagne et Napoleon b: 1804-1809 / cGeoffroy Grandmaison. aParis : bPlon et Nourrit, c1908. aXIV, 520 p. ; c22 cm.04aNapoleón bI c, Emperador de Francia.984910 4aEspaña-xHistoria-y1808-1814, Guerra de la Independencia98244 aES-MaACLjB-1008 c75573d75573 00104070aATENEOMbATENEOMcSPBd2008-01-17eSCl0oB-1008p1079101r2023-02-23 00:00:00w2023-02-23yMONOGRAFIA